[Event "Bayern-ch op Seniors 26th"]
[Site "Bergen"]
[Date "2014.06.22"]
[Round "3"]
[White "Zehfuss, Helmut"]
[Black "Peiberg, Ehrhard"]
[Result "1-0"]
[WhiteElo "1710"]
[BlackElo "1483"]
[PlyCount "39"]
[EventDate "2014.06.21"]
[EventType "swiss"]
[EventRounds "7"]
[EventCountry "GER"]
[SourceTitle "EXT 2018"]
[Source "ChessBase"]
[SourceDate "2017.10.13"]
[SourceVersion "1"]
[SourceVersionDate "2017.10.13"]
[SourceQuality "1"]

1. e4 g6 2. d4 Bg7 3. f4 d6 4. Nf3 c5 5. Be3 Bg4 6. Be2 Bxf3 7. Bxf3 Nc6 8. e5 cxd4 9. Bxc6+ bxc6 10. Qxd4 dxe5 11. fxe5 Qxd4 12. Bxd4 e6 13. Nd2 Ne7 14. 0-0-0 0-0 15. Bc5 Rfe8 16. Nc4 Nd5 17. Nd6 Red8 18. Rhe1 Nb6 19. b3 Nd7 20. Nb7 1-0

[Event "Bayern-ch Seniors 24nd"]
[Site "Bergen"]
[Date "2012.06.22"]
[Round "7"]
[White "Peiberg, Ehrhard"]
[Black "Bachmann, Rolf"]
[Result "0-1"]
[WhiteElo "1648"]
[BlackElo "1907"]
[PlyCount "36"]
[EventDate "2012.06.16"]
[EventType "swiss"]
[EventRounds "9"]
[EventCountry "GER"]
[SourceTitle "EXT 2015"]
[Source "ChessBase"]
[SourceDate "2014.11.20"]
[SourceVersion "1"]
[SourceVersionDate "2014.11.20"]
[SourceQuality "1"]

1. d4 Nf6 2. c4 g6 3. Nc3 Bg7 4. e4 d6 5. Be2 0-0 6. Bg5 h6 7. Bh4 Nbd7 8. f4 c5 9. d5 Nh7 10. Qc2 g5 11. fxg5 Nxg5 12. Bxg5 hxg5 13. e5 Nxe5 14. Qd2 g4 15. 0-0-0 Bf5 16. Qf4 Qd7 17. h3 Ng6 18. Qg3 Bh6+ 0-1

[Event "Bayern-ch Seniors 24nd"]
[Site "Bergen"]
[Date "2012.06.17"]
[Round "2"]
[White "Walther, Reinhard"]
[Black "Peiberg, Ehrhard"]
[Result "1/2-1/2"]
[WhiteElo "1888"]
[BlackElo "1648"]
[PlyCount "112"]
[EventDate "2012.06.16"]
[EventType "swiss"]
[EventRounds "9"]
[EventCountry "GER"]
[SourceTitle "EXT 2015"]
[Source "ChessBase"]
[SourceDate "2014.11.20"]
[SourceVersion "1"]
[SourceVersionDate "2014.11.20"]
[SourceQuality "1"]

1. d4 Nf6 2. c4 e6 3. Nc3 Bb4 4. Qc2 d5 5. e3 c5 6. a3 Bxc3+ 7. bxc3 cxd4 8. cxd4 0-0 9. Nf3 Nbd7 10. Bd3 b6 11. cxd5 exd5 12. 0-0 Bb7 13. Bd2 Re8 14. Rfc1 Rc8 15. Qa4 Rxc1+ 16. Rxc1 Qb8 17. Bb5 Rd8 18. Bb4 Rc8 19. Rxc8+ Bxc8 20. Qc2 Bb7 21. h3 a6 22. Bd3 Ne4 23. Nd2 Ndf6 24. Nxe4 dxe4 25. Bc4 b5 26. Bb3 Qc8 27. Qxc8+ Bxc8 28. Kf1 Bb7 29. Ke1 Bd5 30. Bc2 Nd7 31. Kd2 f5 32. Kc3 Nb6 33. Bc5 Nc4 34. g3 Kf7 35. a4 bxa4 36. Bxa4 Ke6 37. Bd1 Nd6 38. Be2 Nb5+ 39. Kb4 Bc6 40. Bc4+ Bd5 41. Be2 Ba2 42. Bb6 Kd5 43. g4 Kc6 44. Bd8 Be6 45. g5 f4 46. h4 f3 47. Bf1 Ba2 48. Ba5 Be6 49. Bd8 Ba2 50. Be7 Be6 51. Bc5 g6 52. Bf8 Kb6 53. Bc5+ Kc6 54. Bc4 a5+ 55. Kb3 Bxc4+ 56. Kxc4 Nc7 1/2-1/2

[Event "Bayern-ch Seniors 21st"]
[Site "Bergen"]
[Date "2009.06.24"]
[Round "5"]
[White "Peiberg, Ehrhard"]
[Black "Walther, Reinhard"]
[Result "0-1"]
[WhiteElo "1671"]
[BlackElo "1869"]
[PlyCount "34"]
[EventDate "2009.06.20"]
[EventType "swiss"]
[EventRounds "9"]
[EventCountry "GER"]
[SourceTitle "EXT 2015"]
[Source "ChessBase"]
[SourceDate "2014.11.20"]
[SourceVersion "1"]
[SourceVersionDate "2014.11.20"]
[SourceQuality "1"]

1. d4 d6 2. Nf3 Nf6 3. c4 g6 4. Nc3 Bg7 5. e4 0-0 6. Be2 c5 7. d5 e6 8. 0-0 exd5 9. cxd5 Na6 10. Bg5 h6 11. Bh4 g5 12. Bg3 Nh5 13. Bxd6 Qxd6 14. Nxg5 Nf4 15. Nb5 Nxe2+ 16. Qxe2 Qg6 17. Qf3 hxg5 0-1

[Event "Bayern-ch Seniors 20th"]
[Site "Bergen"]
[Date "2008.06.14"]
[Round "8.29"]
[White "Peiberg, Ehrhard"]
[Black "Janzen, Christian"]
[Result "1-0"]
[WhiteElo "1662"]
[BlackElo "1600"]
[PlyCount "41"]
[EventDate "2008.06.07"]
[EventType "swiss"]
[EventRounds "9"]
[EventCountry "GER"]
[SourceTitle "EXT 2022"]
[Source "ChessBase"]
[SourceDate "2021.10.06"]
[SourceVersion "1"]
[SourceVersionDate "2021.10.06"]
[SourceQuality "1"]

1. d4 d5 2. c4 e6 3. Nc3 c6 4. cxd5 cxd5 5. Nf3 Nc6 6. Bf4 Bd6 7. Bxd6 Qxd6 8. e3 a6 9. Bd3 f5 10. 0-0 Nf6 11. Rc1 0-0 12. Na4 Ne4 13. Nb6 Rb8 14. Qc2 Nxd4 15. Nxc8 Nxc2 16. Nxd6 Nxd6 17. Rxc2 Rfc8 18. Rfc1 Rxc2 19. Rxc2 Rc8 20. Rxc8+ Nxc8 21. Ng5 1-0

[Event "Bayern-ch Seniors 20th"]
[Site "Bergen"]
[Date "2008.06.13"]
[Round "7.34"]
[White "Purwin, Heinz"]
[Black "Peiberg, Ehrhard"]
[Result "0-1"]
[WhiteElo "1541"]
[BlackElo "1662"]
[PlyCount "86"]
[EventDate "2008.06.07"]
[EventType "swiss"]
[EventRounds "9"]
[EventCountry "GER"]
[SourceTitle "EXT 2022"]
[Source "ChessBase"]
[SourceDate "2021.10.06"]
[SourceVersion "1"]
[SourceVersionDate "2021.10.06"]
[SourceQuality "1"]

1. e4 e6 2. d4 d5 3. Nd2 dxe4 4. Nxe4 Nf6 5. Ng3 Be7 6. Nf3 b6 7. c3 Bb7 8. Be3 Nd5 9. Bb5+ c6 10. Bd3 Nxe3 11. fxe3 Nd7 12. Qe2 c5 13. 0-0-0 a6 14. Be4 Bxe4 15. Nxe4 0-0 16. g4 Qc7 17. h4 Qc6 18. Ned2 b5 19. Kb1 c4 20. e4 Rfc8 21. Ka1 b4 22. Nb1 Qa4 23. Rd2 Qc6 24. d5 exd5 25. exd5 Qd6 26. Nd4 Bf6 27. Nf5 Qe5 28. Qxe5 Nxe5 29. g5 Bd8 30. Re2 f6 31. gxf6 Bxf6 32. Ne7+ Bxe7 33. Rxe5 Bf6 34. Re6 bxc3 35. Nxc3 Kf7 36. Rh3 Rc5 37. Re4 Bxc3 38. bxc3 Rxd5 39. Rxc4 a5 40. Rc7+ Kg6 41. Rg3+ Kh6 42. Rcxg7 Rb8 43. Ra7 Rd1# 0-1

[Event "Bayern-ch Seniors 19th"]
[Site "Schloss Schney"]
[Date "2007.06.15"]
[Round "4"]
[White "Filbry, Lothar"]
[Black "Peiberg, Ehrhard"]
[Result "1/2-1/2"]
[WhiteElo "1600"]
[BlackElo "1718"]
[PlyCount "105"]
[EventDate "2007.06.12"]
[EventType "swiss"]
[EventRounds "9"]
[EventCountry "GER"]
[SourceTitle "EXT 2008"]
[Source "ChessBase"]
[SourceDate "2007.11.25"]
[SourceVersion "1"]
[SourceVersionDate "2007.11.25"]
[SourceQuality "1"]

1. c4 e6 2. d4 d5 3. cxd5 exd5 4. Nf3 Nf6 5. Bg5 Be7 6. e3 Nbd7 7. Bd3 h6 8. Bh4 0-0 9. Nc3 c6 10. 0-0 Re8 11. Qc2 Ne4 12. Bxe7 Qxe7 13. h3 Ndf6 14. Rfe1 Nxc3 15. bxc3 Ne4 16. c4 Bf5 17. c5 Qf6 18. Nd2 Qg5 19. Nf3 Qf6 20. Bxe4 Bxe4 21. Qe2 Bxf3 22. Qxf3 Qxf3 23. gxf3 f5 24. f4 Re7 25. Kh1 Kh7 26. Rg1 b6 27. cxb6 axb6 28. Rac1 Rc7 29. Rc2 Ra6 30. Rgc1 b5 31. Kg2 Ra4 32. Rxc6 Rxc6 33. Rxc6 Rxa2 34. Rc5 b4 35. Rxd5 b3 36. Rb5 b2 37. d5 Ra5 38. Rxb2 Rxd5 39. Kf3 Kg6 40. Rb7 Ra5 41. Re7 Kf6 42. Rd7 Rb5 43. Rd3 Ra5 44. Kg3 Ra6 45. f3 g5 46. fxg5+ hxg5 47. f4 gxf4+ 48. Kxf4 Re6 49. Rd4 Kg6 50. Rd1 Re4+ 51. Kf3 Rh4 52. Kg3 Re4 53. Kf3 1/2-1/2

[Event "Bayern-ch Seniors 16th"]
[Site "Schloss Schney"]
[Date "2004.06.14"]
[Round "9"]
[White "Jurgan, Brigitte"]
[Black "Peiberg, Ehrhard"]
[Result "0-1"]
[WhiteElo "1112"]
[BlackElo "1679"]
[PlyCount "63"]
[EventDate "2004.06.06"]
[EventType "swiss"]
[EventRounds "9"]
[EventCountry "GER"]
[SourceTitle "EXT 2006"]
[Source "ChessBase"]
[SourceDate "2005.11.24"]
[SourceVersion "1"]
[SourceVersionDate "2005.11.24"]
[SourceQuality "1"]

1. d4 Nf6 2. c4 e6 3. Nc3 Bb4 4. Bd2 0-0 5. Nf3 d5 6. Qb3 Nc6 7. a3 Bxc3 8. Qxc3 Ne4 9. Qe3 Nxd2 10. Qxd2 dxc4 11. a4 Qd5 12. e3 Na5 13. Qc3 Qh5 14. Be2 Nb3 15. Rd1 Qa5 16. Qxa5 Nxa5 17. Ne5 Rd8 18. Nxc4 Nxc4 19. Bxc4 Bd7 20. b3 a6 21. 0-0 b5 22. axb5 axb5 23. Bd3 Ra3 24. Bc2 Rda8 25. Rb1 f5 26. f4 Bc6 27. Rfe1 Ra2 28. Rbc1 Bd5 29. Bd3 Rxg2+ 30. Kf1 Rxh2 31. Rxc7 b4 32. Rc2 0-1

[Event "Bayern-ch Seniors 16th"]
[Site "Schloss Schney"]
[Date "2004.06.08"]
[Round "3"]
[White "Peiberg, Ehrhard"]
[Black "Leuschner, Guenter"]
[Result "0-1"]
[WhiteElo "1679"]
[BlackElo "1820"]
[PlyCount "68"]
[EventDate "2004.06.06"]
[EventType "swiss"]
[EventRounds "9"]
[EventCountry "GER"]
[SourceTitle "EXT 2006"]
[Source "ChessBase"]
[SourceDate "2005.11.24"]
[SourceVersion "1"]
[SourceVersionDate "2005.11.24"]
[SourceQuality "1"]

1. d4 Nf6 2. c4 g6 3. Nc3 d5 4. cxd5 Nxd5 5. Nf3 Bg7 6. e4 Nxc3 7. bxc3 0-0 8. Bc4 c5 9. 0-0 Qc7 10. Be2 b6 11. Be3 Nd7 12. Qb3 Bb7 13. e5 e6 14. Rac1 Rac8 15. Nd2 cxd4 16. cxd4 Qxc1 17. Rxc1 Rxc1+ 18. Nf1 Rc7 19. Nd2 Rfc8 20. h3 Bf8 21. Bb5 Bd5 22. Qa4 Nb8 23. Nb3 Bb7 24. Qxa7 Bxg2 25. Qxb6 Bxh3 26. Nc5 Bg4 27. a4 Bf3 28. Qa5 Nc6 29. Bxc6 Bxc6 30. Qd2 h5 31. a5 Rb8 32. Qc2 Bd5 33. a6 Be7 34. a7 Rxa7 0-1